000 00255nam a2200109Ia 4500
005 20251222114346.0
008 251222s1900||||xx |||||||||||||| ||spa||
082 _aDVD0070/L33/1956
245 0 _aDoctor Zhivago
264 _bMetro-Goldwyn-Mayer
942 _cDVD
999 _c1065
_d1065